01316nam a2200265Ia 450000100060000000300090000600800410001504000130005604000130006904100130008210000170009510000290011224000370014124000350017824500520021324500520026525000110031726000110032826000180033926000490035730000570040650005130046365000430097665000310101984725IT-RoPAU130308s9999 xx 000 0 und d aIT-RoPAU cIT-RoPAU aITALIANO aHebdige Dick gCodice Aut. SPICS: 6385 aSUBCULTURE. THE MEANING OF STYLE gCodice Tit. Orig. Spics: T1430 aSottocultura-Il fascino di uno stile innaturale bSottocultura-Il fascino di Uno Stile Innaturale a1a ed. aGENOVA bCosta & Nolan c1983 [1° Ed.:1983 - Ed.Ling.Originale:1979] a"160 p. (prefazione: no ; testo: 160 [pagine: 0-0])" aSottocultura e Stile da Cultura a Egemonia Sottoculture giovanili inglesi Dalla seconda Metà degli Anni 50 a Oggi Reggae e Rastafarianesimo Hipster Beat e Teddy Boy Cool Nostrano Stile dei Mod Glam e Glitter Rock Punk ed Etnicità bianca Funzione della Sottocultura Specificità Due Tipi di Teddy Boy Fonti Dello Stile Due forme di integrazione Forma di merce Forma ideologica Stile Come Comunicazione intenzionale Stile Come bricolage Stile in Rivolta Stile Come Omologia Stile Come Pratica Significante aSOCIOLOGIA DELLA COMUNICAZIONE SOCIALE eCodice materia Spics: 3806